| 000 | 00829nab a2200229 4500 | ||
|---|---|---|---|
| 003 | BR-BrBNA | ||
| 005 | 20240321102925.0 | ||
| 008 | 240321b bl.||||| |||| 00| 0 por d | ||
| 040 |
_aBR-BrBNA _bpor |
||
| 072 | _aP01 | ||
| 100 | _aQuintão, Aylê Salassiê F. | ||
| 245 | _aEcoturismo: uma alternativa do novo modelo de desenvolvimento | ||
| 500 | _aSummaries (eng, por); 13 ref.; 3 illus. | ||
| 650 | _aECOLOGIA | ||
| 650 | _aTURISMO | ||
| 650 | _aINTEGRAÇÃO | ||
| 650 | _aDESENVOLVIMENTO SUSTENTÁVEL | ||
| 650 | _aDESENVOLVIMENTO SÓCIO-ECONÔMICO | ||
| 773 | 0 |
_01357 _9313855 _dBrasília-DF Instituto Brasileiro de Desenvolvimento Florestal 1970 _o2024-0127 _tBrasil Florestal (Brazil) _x0045-270X _gv. 17(69) p. 33-38; (Jan-Jun 1990) _wBR2024000512 |
|
| 942 | _cAnalítica | ||
| 999 |
_c298881 _d298881 |
||